000 00542cam a2200193ua 4500
020 _a81-86024-OEX
_cRs 425.00
041 _aeng
_h
082 _a333
_bBAG/WA
100 _aBagchi, Kathakali S .
245 _aWastelands in India: An untapped potential /
_cKathakali S Bagchi.
_hTextual Documents
260 _a :
_bUpalabdhi trust for development initiative ,
_c1993.
300 _a308 ; .
365 _aRs 425.00
500 _a**Reference
504 _a
700 1 _aMini, Philip .
942 _cBK
999 _c3817
_d3817